000 00301nam a22001337a 4500
008 181221b xxu||||| |||| 00| 0 eng d
020 _a0306445476
041 _aeng
080 _a159.9
100 _a49
101 _aPSI
245 _aAdvanced Abnormal Psychology
_cHasselt, V.B.V
942 _2udc
_cBK
999 _c53699
_d53699